000 01486nam a22002897i 4500
003 OSt
005 20251202150132.0
008 251202e2024 cr|ao||| ||||o001 0 spa d
020 _a9789968589260
040 _bspa
_cLADOV
041 0 _aspa
082 0 4 _a708.972.86
_bS173s
245 1 0 _aSalón Nacional de Artes Visuales 2023 /
_cdirección general María José Chavarría Zamora ; texto institucional Esteban Calvo Campos ; texto autor invitado Camilo Retana Alvarado ; fotografías Tiffany Fernández Estrada y María Lourdes Robert Montes de Oca.
250 _a1era Edición
_bdiciembre 2024
260 _aSan José, Costa Rica :
_bMinisterio de Cultura y Juventud,
_c2024.
300 _a152 páginas :
_bfotografías e ilustraciones a color ;
_c28 cm
520 3 _aEsta publicación fue realizada para la muestra Salón Nacional de Artes Visuales 2023 exhibida en el Museo de Arte Costarricense (MAC), San José, Costa Rica. Del 25 de mayo al 01 de octubre 2023.
610 2 7 _aMuseo de Arte Costarricense
_vExposiciones
610 2 7 _aMuseo de Arte Costarricense
_vConcursos
650 0 7 _aArte contemporáneo
_vExposiciones
700 1 _aChavarría Zamora, María José
_d1979-
_edirectora
700 1 _aCalvo Campos, Esteban
_eeditor
700 1 _aRetana Alvarado, Camilo
_eeditor
700 1 _aFernández Estrada, Tiffany
_efotógrafa
700 1 _aRobert Montes de Oca, María Lourdes
_efotógrafa
942 _2ddc
_c1
_h708.972.86
_iS173s
_n0
999 _c4574
_d4574